Poème Classique #2 Le dormeur du val - Statistiques

Statistiques générales
  • Ce quiz a été pris 150 fois
  • Le résultat moyen est 73 sur 120
Statistiques - réponses
Réponse % Correct
D'
100%
C’
98%
c’
98%
un
97%
Un
97%
est
96%
a
95%
de
94%
l’
93%
trou
92%
il
91%
Il
91%
le
86%
-le
86%
83%
la
82%
verdure
82%
au
81%
une
79%
Dort
72%
dort
72%
rivière
72%
deux
70%
droit
69%
coté
68%
dans
68%
trous
68%
val
68%
rouges
64%
herbe
63%
chante
61%
Et
60%
petit
59%
Les
58%
les
58%
sa
58%
soldat
58%
des
56%
soleil
53%
tête
52%
argent
50%
qui
50%
bleu
49%
pas
48%
froid
47%
Nature
47%
sur
47%
haillons
46%
berce
45%
Luit
45%
aux
44%
mousse
43%
ne
43%
son
43%
sous
42%
vert
42%
bouche
41%
comme
41%
cresson
41%
enfant
41%
frais
41%
nue
41%
rayons.
41%
follement
39%
jeune
39%
nuque
39%
ouverte
39%
poitrine
39%
Accrochant
38%
herbes
38%
montagne
37%
Tranquille
37%
lumière
36%
baignant
35%
chaudement
35%
étendu
35%
main
35%
narine
35%
fière
33%
somme
33%
pieds
32%
font
31%
frissonner
31%
glaïeuls
31%
fait
30%
lit
30%
malade
30%
Sourirait
30%
Pâle
28%
parfums
28%
Souriant
28%
pleut
24%
Aucun quiz correspondant
Distribution des résultats
% des personnes avec chaque résultat
Percentile par nombre de réponses
Votre historique - résultats
Vous n’avez pas pris ce quiz